Kỷ yếu hội thảo tiếp cận các phương pháp hiện đại và sử dụng công nghệ theo hướng đổi mới, sáng tạo trong giảng dạy đại học
Đã lưu trong:
| Tác giả chính: | |
|---|---|
| Định dạng: | Sách |
| Năm xuất bản: |
Quảng Bình
2017
|
| Chủ đề: | |
| Tags: |
Thêm thẻ
Không có thẻ, Hãy là người đầu tiên gắn thẻ bản ghi này!
|
| LEADER | 00902nam a2200217 4500 | ||
|---|---|---|---|
| 999 | |c 14944 |d 14944 | ||
| 082 | |a 378.17 |b K600y | ||
| 100 | |a Khoa Kinh tế - Du lịch trường Đại học Quảng Bình | ||
| 245 | |a Kỷ yếu hội thảo tiếp cận các phương pháp hiện đại và sử dụng công nghệ theo hướng đổi mới, sáng tạo trong giảng dạy đại học |c Khoa Kinh tế - Du lịch trường Đại học Quảng Bình | ||
| 260 | |a Quảng Bình |c 2017 | ||
| 300 | |a 102 tr |c 29 cm | ||
| 520 | |a | ||
| 653 | |a Giáo dục | ||
| 653 | |a Giáo dục đại học | ||
| 653 | |a Phương pháp giảng dạy | ||
| 653 | |a Đổi mới | ||
| 653 | |a Sáng tạo | ||
| 653 | |a Kỷ yếu | ||
| 653 | |a Hội thảo | ||
| 942 | |2 ddc |c KY | ||
| 952 | |0 0 |1 0 |2 ddc |4 0 |6 378_170000000000000_K600Y |7 0 |8 300 |9 113445 |a qbu |b qbu |c D1 |d 2017-10-12 |o 378.17 K600y |p KY6.C1 |r 2017-10-12 |w 2017-10-12 |y KY | ||